| 000 | 00838nam a2200241 a 4500 | ||
|---|---|---|---|
| 999 |
_c8298 _d8298 |
||
| 001 | 8298 | ||
| 003 | BD-JhCC | ||
| 005 | 20220727134023.0 | ||
| 008 | 180220s19841996b a|||| || | 000 0 eng d | ||
| 035 | _a(BD-JhCC)8298 | ||
| 040 |
_aBD-JhCC _dBD-JhCC |
||
| 041 | _aeng | ||
| 082 |
_a547 _bZIK 1996 |
||
| 100 | _aনাথ, জি. কে. | ||
| 245 |
_aউচ্চ মাধ্যমিক জৈব রসায়ন / _cজি. কে. নাথ এবং খোন্দকর খলিলুর রহমান |
||
| 250 | _a12th ed. | ||
| 260 |
_aঢাকা : _bহাসান বুক হাউস, _c1996. |
||
| 300 |
_a576 p. : _bill. ; _c19 cm. |
||
| 650 | _aOrgemic Chemistry | ||
| 700 | _aডঃ মোঃ আবুল কাসেম এবং হারাধন নাগ | ||
| 942 |
_2ddc _cBK _03 |
||